000 00426nam a2200157Ia 4500
008 230718s9999 xx 000 0 und d
041 _aeng
082 _a530
_bAVA
100 _aAvadhanulu M.N.
_9149104
245 _aText Book Of Engineering Physics
260 _c2009
_bS. Chand Pub
300 _a758
365 _cRs.
_b310.00
700 _aAvadhanulu M.N. & Kshirsagar P.G.
906 _dB:753830-Jan-2009
_cALLIED
_b697.5
999 _c320219
_d320219